00506 2200181 4500001002100000005001500021035002000036007000300056008004100059020002200100082001000122084001600132100001800148245009000166260003800256300001500294650001500309INLIS00000000000043320221102075158 a0010-1122000027ta221102 a 0 ind  a978-623-7868-81-1 a297.3 a297.3 PUT s0 aPutra Perdana1 aSeri Rukun Iman: Utusan Allah yang Selalu Benar :bIman Kepada Rasul /cPutra Perdana aSurakarta :bLingkar Media,c---- a24 halaman 4aRukun Iman